003350000a2200085000450024500730000004100140007370000240008710000320011177301060014310aNuevas especies colombianas de Pentacalia ()0 aEspañol1 aCuatrecasas, José1 aDíaz Piedrahita, Santiago1 tRevista de la Academia Colombiana de Ciencias Exactas, Fisicas y Naturales332h67q687-690d1990g17